000 00696cam a2200181 i 4500
005 20260122121558.0
008 250721s9999 jo gr 000 0 ara d
082 1 4 _a344.052
_bع ب ا
100 1 _aعبادله، إبراهيم إرشيد
_eمؤلف.
245 1 0 _aإختصاص الأمن العام في المجالين الإداري والقضائي /
_cالنقيب إبراهيم إرشيد العبادلة.
264 3 1 _aعمان :
_b[غير معرف]،
_c1996.
300 _a262 صفحة.
650 1 7 _aالشرطة.
650 1 7 _aمسؤولية تنفيذ القانون.
650 1 7 _aقانون الأمن العام.
942 _2ddc
_cBK
999 _c81562
_d81562